| 000 | 00475nam a22001457a 4500 | ||
|---|---|---|---|
| 082 |
_a624.183412 _bMIL _cL-19, P-39 |
||
| 100 |
_aHer Majesty's Stationery Office _943276 |
||
| 245 |
_aMilitary engineering _cHer Majesty's Stationery Office |
||
| 260 |
_aLondon _bHer Majesty's Stationery Office _c1964 |
||
| 300 |
_axiv, 265.p: _bVolume-XIV |
||
| 526 |
_a0 _b0 _c0 _d624_183412000000000_MIL |
||
| 526 |
_a0 _b0 _c0 _d624_183412000000000_MIL |
||
| 650 |
_aMCE _9379 |
||
| 942 |
_2ddc _cBK |
||
| 999 |
_c547097 _d547097 |
||